106: Surah Quraish - Statistics

General Stats
  • This quiz has been taken 10 times
  • The average score is 8 of 22
Answer Stats
Ayah % Correct
quraish
88%
wa-
75%
Bismillaahir
63%
1 Li-
63%
Raheem
63%
Rahmaanir
63%
bait
50%
rabba
50%
haazal-
38%
khawf
38%
min
38%
min
38%
shitaaa'i
38%
4 Allazeee
25%
joo'inw-
25%
aamanahum
13%
at'amahum
13%
eelaafi
13%
3 Faly'abudoo
13%
wassaif
13%
2 Eelaafihim
0%
rihlatash
0%
No matching quizzes found
Score Distribution
Percent of People with Each Score
Percentile by Number Answered
Your Score History
You have not taken this quiz